000
00281nam a2200133Ia 4500
100
_a
Oatis/J.A
942
_c
BK
654
_a
Handbook
245
_a
Welding Engineers Handbook
260
_b
Taraporevala Sons & Co
_c
2001
082
_a
671.5
300
_a
290
546
_a
ENGLISH
999
_c
26049
_d
26049